<?xml version="1.0" encoding="UTF-8"?>
<collection xmlns="http://www.loc.gov/MARC21/slim">
 <record>
  <leader>00668pamaa2200169   4500</leader>
  <controlfield tag="001">0000037072</controlfield>
  <controlfield tag="005">20110126090000.0</controlfield>
  <datafield tag="020" ind1="0" ind2="0">
   <subfield code="a">[ nil ] </subfield>
  </datafield>
  <datafield tag="090" ind1="0" ind2="0">
   <subfield code="a">TK145 </subfield>
   <subfield code="b">CHA 2003</subfield>
  </datafield>
  <datafield tag="100" ind1="1" ind2="0">
   <subfield code="a">CHAM HON WAI </subfield>
  </datafield>
  <datafield tag="245" ind1="1" ind2="0">
   <subfield code="a">Car Gear Lock System by Cham Hon Wai. 2. Convertible Furniture for Small Living Spaces by Ian Wong Yii Siong. 3. Golf Ball Counting Device by Woon Khim Wai.</subfield>
  </datafield>
  <datafield tag="260" ind1="0" ind2="0">
   <subfield code="a">Nilai: </subfield>
   <subfield code="b">INTI College Malaysia, </subfield>
   <subfield code="c">Dec 2003.</subfield>
  </datafield>
  <datafield tag="300" ind1=" " ind2=" ">
   <subfield code="a">Numbers 5-7.</subfield>
  </datafield>
  <datafield tag="500" ind1="0" ind2="0">
   <subfield code="a">Thesis submitted to Inti College Malaysia as a requirement for Diploma in Mechatronics Engineering</subfield>
  </datafield>
  <datafield tag="650" ind1="0" ind2="0">
   <subfield code="a">Dissertations, academic -- </subfield>
   <subfield code="x">Engineering </subfield>
  </datafield>
  <datafield tag="700" ind1="1" ind2="1">
   <subfield code="a">Ian Wong Yii Siong </subfield>
  </datafield>
  <datafield tag="700" ind1="1" ind2="1">
   <subfield code="a">Woon Khim Wai </subfield>
  </datafield>
 </record>
</collection>
